书目信息 |
| 题名: |
听损儿童听觉技巧训练课程
|
|
| 作者: | 管美玲 编著 | |
| 分册: | ||
| 出版信息: | 台北 心理出版社股份有限公司 2012 |
|
| 页数: | 163页 | |
| 开本: | 30cm | |
| 丛书名: | 沟通障碍系列 | |
| 单 册: | ||
| 中图分类: | G762.4 | |
| 科图分类: | ||
| 主题词: | 听力障碍--儿童--语言--教育康复--教材 , 听力障碍--儿童--语言--康复训练--教材 , 听力障碍 , 儿童 , 语言 , 教育康复 , 康复训练 | |
| 电子资源: | ||
| ISBN: | 978-986-191-487-9 | |
| 000 | 01068oam2 2200337 450 | |
| 001 | 1574519198 | |
| 005 | 20150131204238.76 | |
| 010 | @a978-986-191-487-9@dTWD300.00 | |
| 100 | @a20130127d2012 em y0chiy50 ea | |
| 101 | 0 | @achi |
| 102 | @aCN@b710000 | |
| 105 | @aa z 000yy | |
| 200 | 1 | @a听损儿童听觉技巧训练课程@9ting sun er tong ting jue ji qiao xun lian ke cheng@f管美玲编著 |
| 205 | @a2版 | |
| 210 | @a台北@c心理出版社股份有限公司@d2012 | |
| 215 | @a163页@c图@d30cm | |
| 225 | 1 | @a沟通障碍系列@v65024 |
| 312 | @a英文题名:Auditory skills program for children with hearing impairment | |
| 461 | 0 | @12001 @a沟通障碍系列 |
| 510 | 1 | @aAuditory skills program for children with hearing impairment@zeng |
| 606 | 0 | @a听力障碍@x儿童@x语言@x教育康复@j教材 |
| 606 | 0 | @a听力障碍@x儿童@x语言@x康复训练@j教材 |
| 606 | 0 | @a听力障碍 |
| 606 | 0 | @a儿童 |
| 606 | 0 | @a语言 |
| 606 | 0 | @a教育康复 |
| 606 | 0 | @a康复训练 |
| 690 | @aG762.4@v5 | |
| 701 | 0 | @a管美玲@9guan mei ling@4编著 |
| 801 | 0 | @aCN@bTSSF@c20150131 |
| 905 | @aZUCC@dG762.4@eJY2=2 | |
| 听损儿童听觉技巧训练课程/管美玲编著.-2版.-台北:心理出版社股份有限公司,2012 |
| 163页:图;30cm.-(沟通障碍系列;65024) |
| ISBN 978-986-191-487-9:TWD300.00 |
| ● |
| 相关链接 |
|
|
|
|
正题名:听损儿童听觉技巧训练课程
索取号:G762.4/JY2=2
 
预约/预借
| 序号 | 登录号 | 条形码 | 馆藏地/架位号 | 状态 | 备注 |
| 1 | 7864179 | 278641793 | 学院路分馆/ [索取号:G762.4/JY2=2] | 在馆 | |
| 2 | 7864180 | 278641800 | 学院路分馆/ [索取号:G762.4/JY2=2] | 在馆 |